| 000 | 01053nam a2200241Ia 4500 | ||
|---|---|---|---|
| 999 |
_c36466 _d36466 |
||
| 001 | 2381 | ||
| 003 | GE_BSU | ||
| 005 | 20190531193013.0 | ||
| 008 | 181216s2008||||ge |||||||||||||| ||geo|| | ||
| 040 | _cGE_BSU | ||
| 041 | _ageo | ||
| 080 | _a342.7+1 ჭ–97 | ||
| 100 |
_aჭყონია, დავით _91926 |
||
| 245 |
_cდავით ჭყონია ; რედ. მურმან გორგოშაძე. _aთანასწორობა-უფლება უთანასწორობაზე / |
||
| 264 |
_aთბილისი : _bუნივერსალი, _c2008. |
||
| 300 |
_a271 გვ. ; _b20 სმ. |
||
| 504 | _aბიბლიოგრ. ტექსტ. შენიშვნ. და გვ. 266-271. | ||
| 541 | _h8 ლ. | ||
| 653 | _a სოციალური თანასწორობა | ||
| 653 | _aსოციალური უთანასწორობა | ||
| 700 |
_aგორგოშაძე, მურმან _eრედაქტორი _91927 |
||
| 942 |
_cBK _2udc |
||